000 00813nam a2200265 a 4500
001
003 OSt
005 20240412074308.0
008 081028s1992 dr 000 p spa d
040 _aDO-SdBNP
_bspa
_cBNPHU
082 _aRD861.44
_bJ61d
100 1 _aJiménez, Víctor Hugo
_9113
_d1955-
245 1 0 _aDesde el portal de la patria y otros poemas /
_cVíctor Hugo Jiménez
246 1 _a
260 _aSanto Domingo :
_bEl Mundo,
_c1992
300 _a84 p. ;
_c23 cm.
490 _aPopular Isabel Jiménez
500 _aIncluye datos biográficos el autor en la solapa de la cubierta
590 _aInventariado, 2020/VM
650 0 _aPoesía dominicana
_966
650 0 _aLiteratura dominicana.
_967
830 _aPopular Isabel Jiménez
_952468
910 _a VMateo
942 _2ddc
_cLBS1
999 _c49092
_d49092